000 01285nam a2200349 i 4500
001 bg
003 KOSZ 005
005 20240913062854.0
008 170309s1982 pl a 001 0 pol
015 _aPB 1982/5613
020 _a8301040181
040 _aWA N
_cKOSZ 005/RW
_dKOSZ 005/RW
_dKOSZ 005/HR
080 _a930.1(430)(091)"18/19"
080 _a94(430) "18/19"
080 _a323.14(430) "18/19"
100 1 _aOlszewski, Henryk
_d(1932- )
_eAutor
245 1 0 _aNauka historii w upadku :
_bstudium o historiografii i ideologii historycznej w imperialistycznych Niemczech /
_cHenryk Olszewski.
260 _aWarszawa ;
_aPoznań :
_bPaństwowe Wydawnictwo Naukowe,
_c1982.
300 _a656, [3] s. :
_berr. ;
_c25 cm.
336 _2rdacontent
_aTekst
_btxt
337 _2rdamedia
_aBez urządzenia pośredniczącego
_bn
338 _2rdacarrier
_aWolumin
_bnc
380 _aKsiążki.
504 _aIndeks.
650 4 _aHistoriografia niemiecka
_y19-20 w.
650 4 _aNacjonalizm
_xhistoria
_zNiemcy.
648 4 _a1801-1900
648 4 _a1901-2000
710 2 _aPaństwowe Wydawnictwo Naukowe
_4pbl.
856 _uhttp://koha.tu.koszalin.pl/cgi-bin/koha/opac-detail.pl?biblionumber=22472
_yKatalog online BPK
942 _2UKD
_cKS
999 _c22472
_d22472